Scheduled castes and scheduled tribes in Indian politics (Record no. 351299)

000 -LEADER
fixed length control field 00535cam a22001457a 4500
008 - FIXED-LENGTH DATA ELEMENTS--GENERAL INFORMATION
fixed length control field 180718b1991 xxu||||| |||| 00| 0 eng d
082 ## - DEWEY DECIMAL CLASSIFICATION NUMBER
Classification number BA27x5412 Sa59
100 ## - MAIN ENTRY--PERSONAL NAME
Personal name Sanyal, Annapurna
245 ## - TITLE STATEMENT
Title Scheduled castes and scheduled tribes in Indian politics
Statement of responsibility, etc. by Annapurna Sanyal
260 ## - PUBLICATION, DISTRIBUTION, ETC.
Place of publication, distribution, etc. Calcutta
Name of publisher, distributor, etc. Minerva
Date of publication, distribution, etc. 1991
300 ## - PHYSICAL DESCRIPTION
Extent 107p.
650 ## - SUBJECT ADDED ENTRY--TOPICAL TERM
Topical term or geographic name entry element West Bengal (India) --Politics and government.
650 ## - SUBJECT ADDED ENTRY--TOPICAL TERM
Topical term or geographic name entry element West Bengal (India) --Scheduled tribes --Political activity
650 ## - SUBJECT ADDED ENTRY--TOPICAL TERM
Topical term or geographic name entry element Dalits --India --West Bengal --Political activity
Holdings
Withdrawn status Lost status Damaged status Not for loan Permanent Location Current Location Date acquired Full call number Barcode Date last seen Price effective from Koha item type
        Indian Institute of Public Administration Indian Institute of Public Administration 1993-11-12 BA27x5412 Sa59 67164 2018-07-21 2018-07-21 Book

Powered by Koha